Statistics for The Ultimate LOTR Character Quiz - The Books

Click here to take the quiz!

General Stats

  • This quiz has been taken 1,989 times
    (1,962 since last reset)
  • The average score is 91 of 284

Answer Stats

Answer % Correct
Frodo Baggins
98%
Bilbo Baggins
97%
Gandalf the Grey
95%
Peregrin (Pippin) Took
95%
Saruman the White
93%
Meriadoc (Merry) Brandybuck
93%
Samwise (Sam) Gamgee
93%
Sauron
89%
Frodo*
88%
Legolas
88%
Treebeard (Fangorn)
86%
Aragorn Elessar
86%
Gimli
86%
Galadriel
85%
Elrond
84%
Radagast the Brown
83%
Boromir
82%
Faramir
81%
Arwen Undómiel
81%
Merry*
81%
Pippin*
80%
Glóin
80%
Thorin Oakenshield*
80%
Smaug*
78%
Théoden Ednew
77%
Éowyn
77%
Éomer Éadig
74%
Sméagol (Gollum)
73%
Balin
72%
Tolman (Tom) Cotton Sr
71%
Tolman (Tom) Cotton Jr
71%
Hamfast (Ham) Gamgee
71%
Celeborn
70%
Halfast (Hal) Gamgee
68%
Shadowfax
68%
Denethor
67%
Tom Pickthorn
66%
Rose (Rosie) Cotton
65%
Bombur
64%
Dwalin
64%
Bill the Pony
63%
Bill Ferny
63%
Óin
63%
Witch-king of Angmar
62%
Bofur
62%
Brego*
62%
Isildur*
61%
Bifur
60%
Drogo Baggins*
60%
Déagol*
59%
Gríma Wormtongue
59%
Gerontius Took*
58%
Ori
58%
Nori
57%
Lobelia Sackville-Baggins
57%
Thranduil
56%
Paladin Took
55%
Brand
55%
Dori
53%
Durin's Bane
53%
Bandobras "Bullroarer" Took*
53%
Shelob
52%
Arathorn*
52%
Primula Baggins*
51%
Durin the Deathless*
50%
Morgoth*
50%
Haldir
50%
Théodred
50%
Angelica Baggins
50%
Adelard Took
50%
Esmeralda Brandybuck
50%
Dora Baggins
50%
Everard Took
50%
Saradoc Brandybuck
50%
Thráin*
49%
Elendil*
49%
Tom Bombadil
48%
Lotho Sackville-Baggins
48%
Gorbadoc Brandybuck*
48%
Otho Sackville-Baggins
46%
Marigold Gamgee
46%
Dáin Ironfoot
46%
Glorfindel
46%
Rorimac (Old Rory) Brandybuck
46%
Gwaihir the Windlord
46%
Melilot Brandybuck
46%
Andwise (Andy) Gamgee
46%
Thrór*
44%
Barliman Butterbur
44%
Bard*
43%
Fredegar Bolger
41%
Odo Proudfoot
41%
Háma
39%
Sancho Proudfoot
39%
Goldberry
38%
Elrohir
38%
Lúthien Tinúviel*
37%
Elder King*
36%
Mrs. Cotton
36%
Bowman (Nick) Cotton
35%
Gil-galad*
35%
Shagrat
35%
Beren*
35%
Carl (Nibs) Cotton
35%
Elladan
35%
Gamling
35%
Wilcome (Jolly) Cotton
35%
Uglúk
34%
Quickbeam (Bregalad)
33%
Fang
33%
Beorn*
33%
Farmer Maggot
31%
Gothmog
30%
Celebrimbor*
29%
Húrin Warden of the Keys
29%
Eorl the Young*
29%
Fëanor*
29%
Mouth of Sauron
29%
Húrin*
29%
Túrin*
29%
Eärendil*
28%
Hasufel
28%
Helm the Hammerhand*
28%
Elbereth (Varda)*
28%
Arod
27%
Beregond
27%
Imrahil
27%
Mrs. Maggot
27%
Círdan
27%
Ancalagon*
26%
Rose*
26%
Ecthelion*
25%
Ungoliant*
25%
Celebrían*
25%
Ghân-buri-Ghân
25%
Nob
25%
Thengel*
25%
Éomund*
24%
Snowmane
24%
Gorbag
24%
Will Whitfoot
24%
Ted Sandyman
24%
Gildor Inglorion
23%
Bob
23%
Grishnákh
23%
Bain*
22%
Anárion*
22%
Erkenbrand
22%
Araw (Oromë)*
22%
Sandyman the Miller
20%
Watcher in the Water
20%
Mr. Underhill at Staddle
20%
Folco Boffin
20%
Thingol*
20%
Snaga
20%
Elanor
20%
Fundin*
20%
Snaga
20%
Strider the Pony
20%
Thorondor*
19%
Mr. Boffin at Overhill
19%
Old Man Willow
19%
Hugo Bracegirdle
18%
Wolf
18%
Arvedui Last-king*
18%
King of the Dead
18%
Bergil
17%
Halbarad
17%
Horn
17%
Grip
17%
Tobold Hornblower*
16%
Harry Goatleaf
16%
Asfaloth
16%
Ioreth
16%
Scatha*
15%
Grimbold
15%
Elfhelm
15%
Hob Hayward
15%
Dior*
15%
Elwing*
15%
Landroval
14%
Firefoot
14%
Forlong the Fat
14%
Grimbeorn the Old
14%
Robin Smallburrow
14%
Barahir*
14%
Galdor
14%
Amroth*
14%
Lindir
14%
Erestor
14%
Damrod
13%
Fatty Lumpkin
13%
Beechbone
13%
Mat Heathertoes
13%
Éothain
13%
Mablung
13%
Daddy Twofoot
13%
Goldilocks*
13%
Stybba
12%
Lightfoot*
12%
Roheryn
12%
Milo Burrows
12%
Fréa*
12%
Rúmil
12%
Gorhendad Oldbuck*
12%
Telchar*
12%
Náli
12%
Bumpkin
12%
Flói
12%
Leaflock (Finglas)
11%
Valandil*
11%
Finduilas*
11%
Felaróf*
11%
Skinbark (Fladrif)
11%
Orophin
11%
Nimrodel*
11%
Narvi*
11%
Windfola
11%
Old Noakes
10%
White-socks
10%
Rowlie Appledore
10%
Wise-nose
10%
Hador*
10%
Goldwine*
10%
Willie Banks
10%
Baldor*
10%
Meneldor
10%
Baranor*
9%
Widow Rumble
9%
Mauhúr
9%
Lugdush
9%
Lóni
9%
Frár
9%
Holman Greenhand*
9%
Aldor*
9%
Fengel*
9%
Fréalaf*
9%
Wandlimb (Fimbrethil)*
9%
Fréawine*
9%
Déor*
9%
Ceorl
9%
Hilruin the Fair
9%
Ingold
8%
Folcwine*
8%
Dúnhere
8%
Déorwine
8%
Berúthiel*
8%
Meneldil*
8%
Mardil Voronwe*
8%
Cirion*
8%
Eärnur*
8%
Anborn
8%
Swish-tail
7%
Fastred
7%
Folca*
7%
Mr. Mugwort
7%
Gram*
7%
Duilin
7%
Hirgon
7%
Lagduf
7%
Harding
7%
Muzgash
7%
Derufin
7%
Vorondil the Hunter*
7%
Malbeth the Seer*
7%
Walda*
7%
Wídfara
7%
Othar*
7%
Gálmód*
6%
Iorlas
6%
Angbor
6%
Sharp-ears
6%
Herubrand
6%
Herefara
6%
Léofa*
6%
Ufthak
6%
Duinhir
6%
Gléowine*
5%
Radbug
5%
Targon
5%
Dervorin
5%
Guthláf
5%
Golasgil
5%
Gárulf
5%

Score Distribution

Percentile by Number Answered

Percent of People with Each Score

Your Score History

You have not taken this quiz since the last reset